Escape The Backrooms Level 0 - Trivia Quiz - Statistics

General Stats
  • This quiz has been taken 27 times
  • The average score is 5 of 10
Answer Stats
Question Answer % Correct
What «Item» do you use to open the door of this level? Key
95%
What color is this level mostly? Yellow
59%
What is the name of the entity in this Level? The Howler
55%
What is the full name of the level? The Lobby
50%
What do you use to obtain the key? Ladder
45%
What do you crawl through to get to level 1? Vent
41%
What buttons do you use to balance throughout these holes? Q and E
36%
What is the area with a bunch of holes called? The Pitfalls
36%
This Level does connect to a different level later on that isn’t Level 1, which level? Level 0.2
23%
What Inventory Items can you find in this Level? Rope, Flashlight
9%
No matching quizzes found
Score Distribution
Percent of People with Each Score
Percentile by Number Answered
Your Score History
You have not taken this quiz